LEADER 00875nam0-2200253 --450 001 9910683597303321 005 20230412121735.0 100 $a20230412d1935----kmuy0itay5050 ba 101 $aita 102 $aIT 105 $a 001yy 200 1 $a<>citazione scritta nel processo polacco medioevale$eContributo alla recezione del processo romano-canonico in Polonia$fRafael Taubenschlag 210 $aRomae$cApollinaris$d\1935?! 215 $a14 p. [307-318]$d25 cm 300 $aExcerptum ex 'Studia et Documenta Historiae et Iuris' , Fasc. II - 1935 676 $a350$v23 700 1$aTaubenschlag,$bRafael$0571572 801 0$aIT$bUNINA$gREICAT$2UNIMARC 901 $aBK 912 $a9910683597303321 952 $aBIBL. SOLAZZI BUSTA T 17$b64375$fFGBC 959 $aFGBC 996 $aCitazione scritta nel processo polacco medioevale$93083854 997 $aUNINA